An embarrassment of riches : tapping into the world''s greatest legacy of wealth

Gespeichert in:
Bibliographische Detailangaben
1. Verfasser:  Green, Alexander
Format: Sách
Sprache:Undetermined
Veröffentlicht:  John Wiley & Sons  2014
Schlagworte:
Tags: Tag hinzufügen
Keine Tags, Fügen Sie den ersten Tag hinzu!
Thư viện lưu trữ: Trung tâm Thư viện - Trường Đại học Công nghiệp TP. Hồ Chí Minh
LEADER 00536nam a2200157Ia 4500
001 UIH_04426
008 231011s9999 xx 000 0 und d
082 |a  178 
100 |a  Green, Alexander 
245 0 |a  An embarrassment of riches : tapping into the world''s greatest legacy of wealth 
245 0 |c  Green, Alexander 
260 |b  John Wiley & Sons 
260 |c  2014 
650 |a  Tiền tệ; Của cải;  
927 |a Sách 
980 |a Trung tâm Thư viện - Trường Đại học Công nghiệp TP. Hồ Chí Minh